| 000 | 00919nam a22002651u 4500 | ||
|---|---|---|---|
| 001 | 04694 | ||
| 003 | HDC | ||
| 007 | cr bn --- | ||
| 008 | 210117p my go d 00 engg | ||
| 040 | _aHDC | ||
| 110 | _a U.S. Food and Drug Administration (FDA) | ||
| 245 | 0 |
_aDevice Classification / _cby Geeta K. Pamidimukkala |
|
| 260 |
_a[No Place] : _b[publisher not identified], _c[no year] |
||
| 300 |
_a25 pages : _billustrations |
||
| 336 |
_atext _2rdacontent |
||
| 337 |
_acomputer _2rdamedia |
||
| 338 |
_aonline resource _2rdacarrier |
||
| 650 |
_aFood adulteration and inspection _94853 |
||
| 650 |
_aFood law and legislation _94852 |
||
| 650 |
_aInvestment _9312 |
||
| 856 | _zRequest full-text at [email protected] | ||
| 942 | _2lcc | ||
| 942 | _cSLIDE | ||
| 942 | _kSLID 000328 | ||
| 999 |
_c2019 _d2019 |
||